Analytical Techniques in Biochemistry and Molecular Biology

Uloženo v:
Podrobná bibliografie
Hlavní autor:  Katoch, Rajan
Médium: Sách
Jazyk:Undetermined
Vydáno:  Springer  2011
Témata:
Tagy: Přidat tag
Žádné tagy, Buďte první, kdo otaguje tento záznam!
Thư viện lưu trữ: Trung tâm Thư viện - Trường Đại học Công nghiệp TP. Hồ Chí Minh
LEADER 00537nam a2200157Ia 4500
001 UIH_06408
008 231011s9999 xx 000 0 und d
082 |a  572.0724 
100 |a  Katoch, Rajan 
245 0 |a  Analytical Techniques in Biochemistry and Molecular Biology 
245 0 |c  Katoch, Rajan 
260 |b  Springer 
260 |c  2011 
650 |a  Biochemistry; Molecular Biology; Công nghệ sinh học;  
927 |a Sách 
980 |a Trung tâm Thư viện - Trường Đại học Công nghiệp TP. Hồ Chí Minh